| 000 | 00419nam a2200169Ia 4500 | ||
|---|---|---|---|
| 001 | 3487 | ||
| 003 | Ost | ||
| 005 | 20260507154744.0 | ||
| 008 | 251113s9999||||xx |||||||||||||| ||eng|| | ||
| 040 | _cnitttr | ||
| 041 | _aeng | ||
| 082 |
_a620.1 _bM H |
||
| 100 | _aMiner, Douglas F. | ||
| 245 | 0 |
_aHandbook of engineering materials. / _cMiner, Douglas F., Seastone, John B. |
|
| 700 | _a Seastone, John B. | ||
| 942 | _cBK | ||
| 999 |
_c3384 _d3384 |
||